Tovaroznalectvo (elektro)

Uložené v:
Podrobná bibliografia
Hlavný autor: Lehotay, Eugen
Médium: Kniha
Jazyk:Slovak
Vydavateľské údaje: Bratislava ERPO 1980
Predmet:
Tagy: Pridať tag
Žiadne tagy, Buďte prvý, kto otaguje tento záznam!

MARC

LEADER 00000nam a2200000 4500
001 c118024
005 20180201122638.6
041 0 |a slo 
044 |a SK 
245 1 0 |a Tovaroznalectvo (elektro)  |c Eugen Lehotay 
264 1 |a Bratislava  |b ERPO  |c 1980 
300 |a 90 s. 
610 2 0 |a tovaroznalectvo 
100 1 |a Lehotay, Eugen